[Event "Commonwealth Open 2019"]
[Site "Delhi"]
[Date "2019.07.02"]
[Round "4.10"]
[White "Mohota, Nisha"]
[Black "Lalith, Babu M R"]
[Result "0-1"]
[WhiteElo "2221"]
[BlackElo "2571"]
[Annotator "ChessBase"]
[PlyCount "112"]
[EventDate "2019.06.30"]
[EventType "swiss"]
[EventCountry "IND"]
[SourceTitle "playchess.com"]
[Source "ChessBase"]
[SourceQuality "1"]
[TimeControl "5400+30"]

1. e4 {[%emt 0:00:00]} e5 {[%emt 0:00:00]} 2. Nf3 {[%emt 0:00:00]} Nc6 {[%emt 0:00:00]} 3. Bc4 {[%emt 0:00:04]} Bc5 {[%emt 0:00:08]} 4. O-O {[%emt 0:00:16]} Nf6 {[%emt 0:00:13]} 5. d3 {[%emt 0:00:05]} d6 {[%emt 0:00:46]} 6. c3 {[%emt 0:00:18]} a6 {[%emt 0:00:40]} 7. a4 {[%emt 0:00:06]} Ba7 {[%emt 0:00:11]} 8. h3 {[%emt 0:01:22]} h6 {[%emt 0:07:24]} 9. Re1 {[%emt 0:00:24]} g5 {[%emt 0:03:56]} 10. Be3 {[%emt 0:14:34]} Bxe3 {[%emt 0:08:15]} 11. fxe3 {[%emt 0:02:35]} g4 {[%emt 0:00:49]} 12. hxg4 {[%emt 0:01:32]} Bxg4 {[%emt 0:08:52]} 13. Rf1 {[%emt 0:00:37]} Qe7 {[%emt 0:01:38]} 14. Qe1 {[%emt 0:01:49]} Rg8 {[%emt 0:03:43]} 15. Qh4 {[%emt 0:10:47]} Rg6 {[%emt 0:02:55]} 16. Nh2 {[%emt 0:09:04]} Be6 {[%emt 0:00:41]} 17. Bxe6 {[%emt 0:12:56]} fxe6 {[%emt 0:04:23]} 18. Nd2 {[%emt 0:02:15]} O-O-O {[%emt 0:00:58]} 19. Rf2 {[%emt 0:00:45]} Rdg8 {[%emt 0:00:45]} 20. Ndf1 {[%emt 0:05:57]} Ng4 {[%emt 0:04:06]} 21. Qxe7 {[%emt 0:00:12]} Nxf2 {[%emt 0:00:22]} 22. Qxe6+ {[%emt 0:00:02]} Rxe6 {[%emt 0:00:07]} 23. Kxf2 {[%emt 0:00:03]} Reg6 {[%emt 0:02:35]} 24. g3 {[%emt 0:01:42]} Rf6+ {[%emt 0:00:20]} 25. Nf3 {[%emt 0:00:38]} Nd8 {[%emt 0:00:20]} 26. N1d2 {[%emt 0:01:27]} Ne6 {[%emt 0:00:22]} 27. Kg2 {[%emt 0:05:59]} Nc5 {[%emt 0:11:06]} 28. d4 {[%emt 0:02:23]} exd4 {[%emt 0:00:13]} 29. cxd4 {[%emt 0:03:37]} Nd7 {[%emt 0:00:14]} 30. Nh4 {[%emt 0:01:35]} Rgf8 {[%emt 0:01:16]} 31. Nhf3 {[%emt 0:11:03]} Re6 {[%emt 0:05:34]} 32. Rh1 {[%emt 0:01:20]} Rfe8 {[%emt 0:00:03]} 33. b3 {[%emt 0:05:29]} Nf6 {[%emt 0:00:34]} 34. Rxh6 {[%emt 0:03:12]} Nxe4 {[%emt 0:00:16]} 35. Rxe6 {[%emt 0:00:04]} Rxe6 {[%emt 0:00:03]} 36. Nxe4 {[%emt 0:00:35]} Rxe4 {[%emt 0:00:03]} 37. Kf2 {[%emt 0:00:04]} Kd7 {[%emt 0:00:22]} 38. Ne5+ {[%emt 0:01:40]} Ke6 {[%emt 0:04:01]} 39. Kf3 {[%emt 0:00:14]} Kd5 {[%emt 0:00:06]} 40. Ng6 {[%emt 0:01:05]} Re8 {[%emt 0:00:06]} 41. Nf4+ {[%emt 0:00:22]} Kc6 {[%emt 0:00:04]} 42. e4 {[%emt 0:01:12]} Kd7 {[%emt 0:00:50]} 43. g4 {[%emt 0:00:49]} Rg8 {[%emt 0:00:51]} 44. d5 {[%emt 0:00:19]} Ke7 {[%emt 0:00:53]} 45. Ne6 {[%emt 0:00:25]} Rh8 {[%emt 0:00:03]} 46. Nd4 {[%emt 0:01:26]} Rh3+ {[%emt 0:00:27]} 47. Kf4 {[%emt 0:00:06]} Rd3 {[%emt 0:00:03]} 48. Nf5+ {[%emt 0:00:15]} Kf7 {[%emt 0:00:10]} 49. g5 {[%emt 0:00:57]} Rxb3 {[%emt 0:00:04]} 50. Nh4 {[%emt 0:00:34]} b5 {[%emt 0:00:24]} 51. axb5 {[%emt 0:00:04]} axb5 {[%emt 0:00:02]} 52. Kg4 {[%emt 0:00:52]} b4 {[%emt 0:00:07]} 53. Kf5 {[%emt 0:00:37]} Rh3 {[%emt 0:00:12]} 54. g6+ {[%emt 0:00:10]} Kg7 {[%emt 0:00:04]} 55. Ng2 {[%emt 0:00:16]} b3 {[%emt 0:00:04]} 56. Nf4 {[%emt 0:00:06]} Rf3 {[%emt 0:00:05]} 0-1

[Event "Commonwealth Open 2019"]
[Site "Delhi"]
[Date "2019.07.02"]
[Round "4.11"]
[White "Deepan, Chakkravarthy J."]
[Black "Varshini, V."]
[Result "1-0"]
[WhiteElo "2557"]
[BlackElo "2087"]
[Annotator "ChessBase"]
[PlyCount "83"]
[EventDate "2019.06.30"]
[EventType "swiss"]
[EventCountry "IND"]
[SourceTitle "playchess.com"]
[Source "ChessBase"]
[SourceQuality "1"]
[TimeControl "5400+30"]

1. d4 {[%emt 0:02:29]} d5 {[%emt 0:00:00]} 2. c4 {[%emt 0:00:07]} e6 {[%emt 0:00:00]} 3. Nf3 {[%emt 0:00:06]} Nf6 {[%emt 0:00:03]} 4. g3 {[%emt 0:00:07]} Be7 {[%emt 0:00:17]} 5. Bg2 {[%emt 0:00:06]} O-O {[%emt 0:00:08]} 6. O-O {[%emt 0:00:04]} dxc4 {[%emt 0:01:11]} 7. Qc2 {[%emt 0:00:10]} a6 {[%emt 0:00:13]} 8. a4 {[%emt 0:00:42]} Bd7 {[%emt 0:01:11]} 9. Qxc4 {[%emt 0:00:08]} Bc6 {[%emt 0:01:43]} 10. Bg5 {[%emt 0:00:07]} Nbd7 {[%emt 0:04:12]} 11. Nc3 {[%emt 0:00:27]} h6 {[%emt 0:03:39]} 12. Bxf6 {[%emt 0:00:06]} Nxf6 {[%emt 0:00:09]} 13. a5 {[%emt 0:00:07]} Rc8 {[%emt 0:09:10]} 14. Rfd1 {[%emt 0:01:47]} Bd5 {[%emt 0:08:23]} 15. Qd3 {[%emt 0:07:06]} c5 {[%emt 0:04:02]} 16. e4 {[%emt 0:07:38]} Bb3 {[%emt 0:02:08]} 17. Rdc1 {[%emt 0:00:03]} cxd4 {[%emt 0:10:19]} 18. Qxd4 {[%emt 0:10:02]} Bc5 {[%emt 0:03:07]} 19. Qxd8 {[%emt 0:00:03]} Rfxd8 {[%emt 0:00:09]} 20. e5 {[%emt 0:00:03]} Ne8 {[%emt 0:04:45]} 21. Ne1 {[%emt 0:03:59]} Rc7 {[%emt 0:05:52]} 22. Ne4 {[%emt 0:07:01]} Bb4 {[%emt 0:09:25]} 23. Rxc7 {[%emt 0:04:41]} Nxc7 {[%emt 0:00:07]} 24. Nd6 {[%emt 0:00:02]} f6 {[%emt 0:11:45]} 25. Nxb7 {[%emt 0:11:09]} Rd2 {[%emt 0:00:17]} 26. Rc1 {[%emt 0:00:54]} Nb5 {[%emt 0:04:54]} 27. h4 {[%emt 0:20:43]} Nd4 {[%emt 0:07:50]} 28. Rc8+ {[%emt 0:00:16]} Kh7 {[%emt 0:00:40]} 29. Nd3 {[%emt 0:02:03]} Rd1+ {[%emt 0:04:27]} 30. Kh2 {[%emt 0:00:09]} Rxd3 {[%emt 0:01:53]} 31. Be4+ {[%emt 0:00:33]} f5 {[%emt 0:00:03]} 32. Bxd3 {[%emt 0:00:59]} Nf3+ {[%emt 0:00:05]} 33. Kh1 {[%emt 0:00:27]} Bd5 {[%emt 0:01:06]} 34. Bxa6 {[%emt 0:00:05]} Be1 {[%emt 0:02:42]} 35. Kg2 {[%emt 0:00:52]} Nd2+ {[%emt 0:00:25]} 36. Kg1 {[%emt 0:00:02]} g5 {[%emt 0:01:04]} 37. Be2 {[%emt 0:06:16]} gxh4 {[%emt 0:00:24]} 38. gxh4 {[%emt 0:00:32]} Ne4 {[%emt 0:00:18]} 39. Bc4 {[%emt 0:02:00]} Bxf2+ {[%emt 0:00:27]} 40. Kg2 {[%emt 0:00:10]} Nd6+ {[%emt 0:00:49]} 41. Bxd5 {[%emt 0:00:07]} Nxc8 {[%emt 0:00:04]} 42. Bxe6 {[%emt 0:00:05]} 1-0

[Event "Commonwealth Open 2019"]
[Site "Delhi"]
[Date "2019.07.02"]
[Round "4.12"]
[White "Mahindrakar Indrajeet"]
[Black "Iniyan, P."]
[Result "1/2-1/2"]
[WhiteElo "2092"]
[BlackElo "2525"]
[Annotator "ChessBase"]
[PlyCount "112"]
[EventDate "2019.06.30"]
[EventType "swiss"]
[EventCountry "IND"]
[SourceTitle "playchess.com"]
[Source "ChessBase"]
[SourceQuality "1"]
[TimeControl "5400+30"]

1. e4 {[%emt 0:04:00]} c5 {[%emt 0:00:28]} 2. c3 {[%emt 0:03:09]} Nf6 {[%emt 0:00:25]} 3. e5 {[%emt 0:01:26]} Nd5 {[%emt 0:00:06]} 4. d4 {[%emt 0:01:21]} cxd4 {[%emt 0:00:07]} 5. Qxd4 {[%emt 0:00:32]} e6 {[%emt 0:00:13]} 6. Bd3 {[%emt 0:06:55]} Nc6 {[%emt 0:04:32]} 7. Qe4 {[%emt 0:00:21]} d6 {[%emt 0:00:28]} 8. Nf3 {[%emt 0:01:01]} dxe5 {[%emt 0:08:41]} 9. Nxe5 {[%emt 0:00:36]} Nxc3 {[%emt 0:00:06]} 10. Nxc3 {[%emt 0:18:55]} Nxe5 {[%emt 0:00:11]} 11. Bb5+ {[%emt 0:05:10]} Nc6 {[%emt 0:05:03]} 12. Bg5 {[%emt 0:07:19]} f6 {[%emt 0:34:58]} 13. Rd1 {[%emt 0:06:35]} Bd7 {[%emt 0:00:45]} 14. Bf4 {[%emt 0:02:33]} g5 {[%emt 0:04:01]} 15. Be2 {[%emt 0:13:00]} Bc5 {[%emt 0:03:21]} 16. Bh5+ {[%emt 0:01:42]} Kf8 {[%emt 0:00:17]} 17. Bxg5 {[%emt 0:02:13]} fxg5 {[%emt 0:02:51]} 18. Qf3+ {[%emt 0:01:09]} Kg7 {[%emt 0:00:06]} 19. Qf7+ {[%emt 0:02:18]} Kh6 {[%emt 0:00:06]} 20. h4 {[%emt 0:08:17]} Bxf2+ {[%emt 0:04:49]} 21. Kxf2 {[%emt 0:07:29]} g4 {[%emt 0:00:35]} 22. Rxd7 {[%emt 0:02:01]} Rf8 {[%emt 0:00:31]} 23. Rxd8 {[%emt 0:00:54]} Raxd8 {[%emt 0:00:03]} 24. Ke3 {[%emt 0:00:44]} Rxf7 {[%emt 0:00:04]} 25. Bxf7 {[%emt 0:00:02]} Rf8 {[%emt 0:00:08]} 26. Bxe6 {[%emt 0:01:55]} Re8 {[%emt 0:00:04]} 27. Kf4 {[%emt 0:00:21]} Rxe6 {[%emt 0:00:04]} 28. Kxg4 {[%emt 0:00:09]} Rg6+ {[%emt 0:00:12]} 29. Kh3 {[%emt 0:00:20]} Ne5 {[%emt 0:00:05]} 30. Rf1 {[%emt 0:00:44]} Nd3 {[%emt 0:02:32]} 31. Rf7 {[%emt 0:00:49]} Rb6 {[%emt 0:02:56]} 32. b3 {[%emt 0:00:41]} Kg6 {[%emt 0:00:05]} 33. Rf3 {[%emt 0:00:18]} Ne5 {[%emt 0:00:16]} 34. Re3 {[%emt 0:00:14]} Nd7 {[%emt 0:01:12]} 35. g4 {[%emt 0:00:21]} Rd6 {[%emt 0:00:05]} 36. Ne4 {[%emt 0:01:03]} Re6 {[%emt 0:01:44]} 37. Kg3 {[%emt 0:00:22]} h5 {[%emt 0:03:20]} 38. gxh5+ {[%emt 0:00:55]} Kxh5 {[%emt 0:00:18]} 39. Rd3 {[%emt 0:00:22]} Rxe4 {[%emt 0:01:22]} 40. Rxd7 {[%emt 0:00:02]} Rg4+ {[%emt 0:00:08]} 41. Kf3 {[%emt 0:00:19]} Rb4 {[%emt 0:00:03]} 42. Rh7+ {[%emt 0:00:54]} Kg6 43. Re7 {[%emt 0:00:18]} Rb6 {[%emt 0:00:33]} 44. Kf4 {[%emt 0:00:30]} Ra6 {[%emt 0:00:04]} 45. Rxb7 {[%emt 0:01:03]} Rxa2 {[%emt 0:00:06]} 46. Rb4 {[%emt 0:00:33]} Ra3 {[%emt 0:01:34]} 47. Kg4 {[%emt 0:00:53]} Kh6 {[%emt 0:00:54]} 48. Rb5 {[%emt 0:00:18]} Ra1 {[%emt 0:00:36]} 49. b4 {[%emt 0:00:15]} Ra4 {[%emt 0:00:07]} 50. Kf5 {[%emt 0:00:29]} Kh5 {[%emt 0:00:59]} 51. Ke6+ {[%emt 0:00:28]} Kxh4 {[%emt 0:00:05]} 52. Kd6 {[%emt 0:00:31]} Kg4 {[%emt 0:00:13]} 53. Kc5 {[%emt 0:00:39]} Kf5 {[%emt 0:00:06]} 54. Kc6+ {[%emt 0:00:31]} Ke6 {[%emt 0:00:53]} 55. Rb8 {[%emt 0:00:13]} Ra6+ {[%emt 0:00:28]} 56. Kc7 {[%emt 0:00:38]} Ke5 1/2-1/2

[Event "Commonwealth Open 2019"]
[Site "Delhi"]
[Date "2019.07.02"]
[Round "4.14"]
[White "Divya, Deshmukh"]
[Black "Kiran, Manisha Mohanty"]
[Result "1-0"]
[WhiteElo "2414"]
[BlackElo "2054"]
[Annotator "NA"]
[PlyCount "65"]
[EventDate "2019.06.30"]
[EventType "swiss"]
[EventCountry "IND"]
[SourceTitle "playchess.com"]
[Source "ChessBase"]
[SourceQuality "1"]
[TimeControl "5400+30"]

1. e4 {[%emt 0:00:00]} c5 {[%emt 0:06:46]} 2. Nf3 {[%emt 0:00:00]} d6 {[%emt 0:00:50]} 3. d4 {[%emt 0:00:00]} cxd4 {[%emt 0:00:04]} 4. Nxd4 {[%emt 0:00:00]} Nf6 {[%emt 0:00:14]} 5. Nc3 {[%emt 0:00:00]} Nc6 {[%emt 0:00:09]} 6. Bg5 {[%emt 0:00:01]} e6 {[%emt 0:00:06]} 7. Qd2 {[%emt 0:00:02]} Be7 {[%emt 0:00:06]} 8. O-O-O {[%emt 0:00:06]} Nxd4 {[%emt 0:00:04]} 9. Qxd4 {[%emt 0:00:06]} O-O {[%emt 0:00:25]} 10. h4 {[%emt 0:00:03]} Qa5 {[%emt 0:01:16]} 11. Kb1 {[%emt 0:00:36]} b5 {[%emt 0:10:55]} 12. e5 {[%emt 0:04:39]} dxe5 {[%emt 0:03:23]} 13. Qxe5 {[%emt 0:00:16]} Qb6 {[%emt 0:05:28]} 14. Ne4 {[%emt 0:11:18]} Nxe4 {[%emt 0:12:18]} 15. Bxe7 {[%emt 0:33:39]} Bb7 {[%emt 0:00:35]} 16. Bxf8 {[%emt 0:03:13]} Rxf8 {[%emt 0:00:03]} 17. f3 {[%emt 0:21:53]} Nf2 {[%emt 0:01:11]} 18. Bxb5 {[%emt 0:02:12]} Nxd1 {[%emt 0:08:07]} 19. Rxd1 {[%emt 0:00:30]} Qf2 {[%emt 0:00:47]} 20. Qc7 {[%emt 0:05:36]} Ba8 {[%emt 0:00:12]} 21. a4 {[%emt 0:00:52]} h5 {[%emt 0:00:08]} 22. Rd8 {[%emt 0:00:50]} g6 {[%emt 0:08:10]} 23. Rxf8+ {[%emt 0:00:54]} Kxf8 {[%emt 0:00:05]} 24. Qd8+ {[%emt 0:00:16]} Kg7 {[%emt 0:00:04]} 25. Qxa8 {[%emt 0:00:25]} Qxg2 {[%emt 0:00:06]} 26. Qe4 {[%emt 0:00:24]} f5 {[%emt 0:02:15]} 27. Qxe6 {[%emt 0:00:42]} Qh1+ {[%emt 0:00:06]} 28. Ka2 {[%emt 0:00:06]} Qxh4 {[%emt 0:00:05]} 29. c4 {[%emt 0:00:30]} Qf4 {[%emt 0:00:11]} 30. c5 {[%emt 0:00:45]} h4 {[%emt 0:00:17]} 31. c6 {[%emt 0:00:09]} h3 {[%emt 0:00:13]} 32. Qe7+ {[%emt 0:00:04]} Kh6 {[%emt 0:00:32]} 33. c7 1-0

[Event "Commonwealth Open 2019"]
[Site "Delhi"]
[Date "2019.07.02"]
[Round "4.15"]
[White "Priyanka, K."]
[Black "Thipsay, Praveen M"]
[Result "0-1"]
[WhiteElo "2053"]
[BlackElo "2405"]
[Annotator "ChessBase"]
[PlyCount "100"]
[EventDate "2019.06.30"]
[EventType "swiss"]
[EventCountry "IND"]
[SourceTitle "playchess.com"]
[Source "ChessBase"]
[SourceQuality "1"]
[TimeControl "5400+30"]

1. e4 {[%emt 0:00:08]} e5 {[%emt 0:00:00]} 2. Nf3 {[%emt 0:00:15]} Nc6 {[%emt 0:00:00]} 3. Bb5 {[%emt 0:00:07]} a6 {[%emt 0:00:00]} 4. Ba4 {[%emt 0:00:04]} Nf6 {[%emt 0:00:07]} 5. d3 {[%emt 0:00:47]} b5 {[%emt 0:01:10]} 6. Bb3 {[%emt 0:00:14]} Be7 {[%emt 0:00:08]} 7. Nc3 {[%emt 0:00:45]} d6 {[%emt 0:04:52]} 8. a3 O-O {[%emt 0:10:40]} 9. Nd5 {[%emt 0:03:20]} Be6 {[%emt 0:09:12]} 10. c3 {[%emt 0:11:14]} Qd7 {[%emt 0:06:19]} 11. Bg5 {[%emt 0:08:44]} Kh8 {[%emt 0:23:48]} 12. Bxf6 {[%emt 0:08:51]} Bxf6 {[%emt 0:00:08]} 13. Nxf6 {[%emt 0:04:17]} gxf6 {[%emt 0:00:07]} 14. Nh4 {[%emt 0:01:34]} Ne7 {[%emt 0:11:28]} 15. Bc2 {[%emt 0:04:49]} f5 {[%emt 0:07:20]} 16. exf5 {[%emt 0:04:20]} Nxf5 {[%emt 0:00:09]} 17. Nxf5 {[%emt 0:00:51]} Bxf5 {[%emt 0:00:08]} 18. Qf3 {[%emt 0:00:44]} f6 {[%emt 0:02:43]} 19. h3 {[%emt 0:01:47]} d5 {[%emt 0:07:23]} 20. g4 {[%emt 0:04:15]} Bg6 {[%emt 0:02:18]} 21. h4 {[%emt 0:06:51]} f5 {[%emt 0:01:16]} 22. gxf5 {[%emt 0:03:03]} Rxf5 {[%emt 0:00:36]} 23. Qh3 {[%emt 0:05:51]} d4 {[%emt 0:01:36]} 24. Bd1 {[%emt 0:03:51]} dxc3 {[%emt 0:01:56]} 25. bxc3 {[%emt 0:00:25]} Qc6 {[%emt 0:01:27]} 26. Rc1 {[%emt 0:00:27]} Rf4 {[%emt 0:01:24]} 27. Rg1 {[%emt 0:01:33]} Rd8 {[%emt 0:00:56]} 28. Be2 {[%emt 0:05:52]} Qc5 {[%emt 0:01:40]} 29. Qg3 {[%emt 0:00:57]} Qxa3 {[%emt 0:00:20]} 30. Qe3 {[%emt 0:00:50]} Qd6 {[%emt 0:00:27]} 31. h5 {[%emt 0:00:55]} Bf7 {[%emt 0:00:21]} 32. Rg5 {[%emt 0:01:11]} Re8 {[%emt 0:00:17]} 33. Ra1 {[%emt 0:14:12]} Qf6 {[%emt 0:00:31]} 34. Rg3 {[%emt 0:00:13]} e4 {[%emt 0:02:44]} 35. Rxa6 {[%emt 0:02:58]} Qxc3+ {[%emt 0:00:08]} 36. Kf1 {[%emt 0:00:27]} Rf6 {[%emt 0:02:31]} 37. Rxf6 {[%emt 0:00:20]} Qxf6 {[%emt 0:00:03]} 38. dxe4 {[%emt 0:00:11]} c6 {[%emt 0:00:52]} 39. f4 {[%emt 0:00:52]} Qa1+ {[%emt 0:00:15]} 40. Kf2 {[%emt 0:00:10]} Bd5 {[%emt 0:00:46]} 41. e5 {[%emt 0:00:34]} Qh1 {[%emt 0:00:28]} 42. e6 {[%emt 0:00:32]} Qa1 {[%emt 0:00:25]} 43. f5 {[%emt 0:00:29]} Qf6 {[%emt 0:00:13]} 44. Qg5 {[%emt 0:00:48]} Qd4+ {[%emt 0:00:57]} 45. Qe3 {[%emt 0:00:23]} Qf6 {[%emt 0:00:03]} 46. Qg5 {[%emt 0:00:15]} Qd4+ {[%emt 0:00:37]} 47. Re3 {[%emt 0:00:12]} Rg8 {[%emt 0:00:23]} 48. Qh6 {[%emt 0:01:56]} Qh4+ {[%emt 0:00:19]} 49. Kf1 {[%emt 0:00:10]} Qh1+ {[%emt 0:00:03]} 50. Kf2 {[%emt 0:00:04]} Qg1# {[%emt 0:00:07] Rg3} 0-1

[Event "Commonwealth Open 2019"]
[Site "Delhi"]
[Date "2019.07.02"]
[Round "4.16"]
[White "Sri Sai Baswanth P"]
[Black "Nitin, S.."]
[Result "0-1"]
[WhiteElo "2045"]
[BlackElo "2398"]
[Annotator "NA"]
[PlyCount "80"]
[EventDate "2019.06.30"]
[EventType "swiss"]
[EventCountry "IND"]
[SourceTitle "playchess.com"]
[Source "ChessBase"]
[SourceQuality "1"]
[TimeControl "5400+30"]

1. d4 {[%emt 0:03:36]} c5 {[%emt 0:00:06]} 2. d5 {[%emt 0:00:30]} d6 {[%emt 0:00:10]} 3. e4 {[%emt 0:00:15]} Nf6 {[%emt 0:00:09]} 4. Nc3 {[%emt 0:00:08]} g6 {[%emt 0:00:09]} 5. Nf3 {[%emt 0:00:07]} Bg7 {[%emt 0:00:07]} 6. Be2 {[%emt 0:00:21]} O-O {[%emt 0:00:10]} 7. O-O {[%emt 0:00:06]} e6 {[%emt 0:02:41]} 8. a4 {[%emt 0:08:45]} exd5 {[%emt 0:00:37]} 9. exd5 {[%emt 0:00:07]} Na6 {[%emt 0:00:18]} 10. h3 {[%emt 0:04:15]} Nb4 {[%emt 0:01:19]} 11. Bg5 {[%emt 0:01:07]} Bf5 {[%emt 0:02:42]} 12. Rc1 {[%emt 0:03:10]} h6 {[%emt 0:05:14]} 13. Bf4 {[%emt 0:03:02]} g5 {[%emt 0:09:17]} 14. Bh2 {[%emt 0:01:18]} a6 {[%emt 0:00:18]} 15. Nd2 {[%emt 0:07:39]} Nfxd5 {[%emt 0:05:08]} 16. Nxd5 {[%emt 0:00:22]} Nxd5 {[%emt 0:00:12]} 17. Nc4 {[%emt 0:00:45]} Nf4 {[%emt 0:02:03]} 18. Bxf4 {[%emt 0:02:07]} gxf4 {[%emt 0:00:08]} 19. Nxd6 {[%emt 0:01:13]} Bg6 {[%emt 0:00:18]} 20. Bf3 {[%emt 0:02:24]} Qc7 {[%emt 0:05:12]} 21. Nxb7 {[%emt 0:07:26]} Bxb2 {[%emt 0:03:11]} 22. Rb1 {[%emt 0:04:18]} Bd4 {[%emt 0:02:09]} 23. Qd2 {[%emt 0:06:16]} Qe5 {[%emt 0:02:15]} 24. Rfe1 {[%emt 0:04:10]} Qf6 {[%emt 0:00:16]} 25. Re2 {[%emt 0:09:55]} Rae8 {[%emt 0:06:44]} 26. a5 {[%emt 0:05:26]} Bc3 {[%emt 0:03:33]} 27. Qd5 {[%emt 0:02:20]} Rxe2 {[%emt 0:04:18]} 28. Bxe2 {[%emt 0:00:05]} Re8 {[%emt 0:02:02]} 29. Rb6 {[%emt 0:05:08]} Qg5 {[%emt 0:05:59]} 30. Qxg5 {[%emt 0:14:18]} hxg5 {[%emt 0:00:11]} 31. Kf1 {[%emt 0:03:07]} Bxc2 {[%emt 0:02:06]} 32. g3 {[%emt 0:00:32]} fxg3 {[%emt 0:13:59]} 33. fxg3 {[%emt 0:00:05]} Re3 {[%emt 0:01:36]} 34. Nxc5 {[%emt 0:01:53]} Rxg3 {[%emt 0:01:25]} 35. Nxa6 {[%emt 0:00:29]} Bxa5 {[%emt 0:01:28]} 36. Rb5 {[%emt 0:00:27]} Bd2 {[%emt 0:00:30]} 37. Rb8+ {[%emt 0:00:38]} Kg7 {[%emt 0:00:12]} 38. Nc7 {[%emt 0:00:23]} Be3 {[%emt 0:02:15]} 39. Bc4 {[%emt 0:00:18]} Bd1 {[%emt 0:03:32]} 40. Rb7 {[%emt 0:00:27]} Rg1# {[%emt 0:00:07]} 0-1

[Event "Commonwealth Open 2019"]
[Site "Delhi"]
[Date "2019.07.02"]
[Round "4.17"]
[White "Kulkarni, Bhakti"]
[Black "Panesar Vedant"]
[Result "1-0"]
[WhiteElo "2380"]
[BlackElo "2092"]
[Annotator "NA"]
[PlyCount "66"]
[EventDate "2019.06.30"]
[EventType "swiss"]
[EventCountry "IND"]
[SourceTitle "playchess.com"]
[Source "ChessBase"]
[SourceQuality "1"]
[TimeControl "5400+30"]

1. d4 {[%emt 0:00:01]} Nf6 {[%emt 0:02:55]} 2. c4 {[%emt 0:00:24]} g6 {[%emt 0:00:23]} 3. g3 {[%emt 0:02:35]} Bg7 {[%emt 0:00:56]} 4. Bg2 {[%emt 0:00:02]} O-O {[%emt 0:00:30]} 5. Nf3 {[%emt 0:00:07]} c5 {[%emt 0:01:12]} 6. d5 {[%emt 0:01:49]} b5 {[%emt 0:00:27]} 7. O-O {[%emt 0:01:38]} d6 {[%emt 0:00:26]} 8. cxb5 {[%emt 0:06:20]} a6 {[%emt 0:00:11]} 9. b6 {[%emt 0:00:17]} Nbd7 {[%emt 0:01:08]} 10. Nc3 {[%emt 0:00:58]} Nxb6 {[%emt 0:00:07]} 11. Re1 {[%emt 0:01:44]} a5 {[%emt 0:07:30]} 12. h3 {[%emt 0:01:48]} Ba6 {[%emt 0:03:16]} 13. e4 {[%emt 0:00:57]} Nfd7 {[%emt 0:00:21]} 14. Qc2 {[%emt 0:09:37]} Rb8 {[%emt 0:01:01]} 15. Bf1 {[%emt 0:08:43]} Bxf1 {[%emt 0:05:37]} 16. Rxf1 {[%emt 0:04:54]} Qc7 {[%emt 0:11:56]} 17. Bg5 {[%emt 0:10:33]} Nc4 {[%emt 0:07:30]} 18. b3 {[%emt 0:02:10]} Na3 {[%emt 0:01:05]} 19. Qd2 {[%emt 0:02:18]} c4 {[%emt 0:02:35]} 20. Rac1 {[%emt 0:02:53]} Nc5 {[%emt 0:00:44]} 21. bxc4 {[%emt 0:01:21]} Nxc4 {[%emt 0:01:05]} 22. Qe2 {[%emt 0:00:18]} Rb4 {[%emt 0:01:34]} 23. Nb5 {[%emt 0:12:38]} Rxb5 {[%emt 0:01:05]} 24. Rxc4 {[%emt 0:00:05]} Rb2 {[%emt 0:00:24]} 25. Qe3 {[%emt 0:04:20]} Rxa2 {[%emt 0:02:17]} 26. Bh6 {[%emt 0:01:51]} Ra4 {[%emt 0:04:09]} 27. Rxa4 {[%emt 0:00:19]} Nxa4 {[%emt 0:00:02]} 28. Bxg7 {[%emt 0:00:09]} Kxg7 {[%emt 0:01:32]} 29. Qd4+ {[%emt 0:00:03]} Kg8 {[%emt 0:00:46]} 30. Qxa4 {[%emt 0:02:33]} e6 {[%emt 0:00:30]} 31. Nd4 {[%emt 0:00:09]} Qc8 {[%emt 0:01:57]} 32. Qxa5 {[%emt 0:00:37]} e5 {[%emt 0:00:02]} 33. Qc5 {[%emt 0:00:17]} Kh8 {[%emt 0:00:02]} 1-0

[Event "Commonwealth Open 2019"]
[Site "Delhi"]
[Date "2019.07.02"]
[Round "4.18"]
[White "Navalgund, Niranjan"]
[Black "Bommini, Mounika Akshaya"]
[Result "1-0"]
[WhiteElo "2326"]
[BlackElo "2063"]
[Annotator "NA"]
[PlyCount "87"]
[EventDate "2019.06.30"]
[EventType "swiss"]
[EventCountry "IND"]
[SourceTitle "playchess.com"]
[Source "ChessBase"]
[SourceQuality "1"]
[TimeControl "5400+30"]

1. d4 {[%emt 0:00:00]} Nf6 {[%emt 0:00:00]} 2. c4 {[%emt 0:00:10]} c5 {[%emt 0:00:02]} 3. d5 {[%emt 0:03:14]} e6 {[%emt 0:00:16]} 4. Nc3 {[%emt 0:00:41]} exd5 {[%emt 0:00:22]} 5. cxd5 {[%emt 0:00:03]} d6 {[%emt 0:00:19]} 6. Nf3 {[%emt 0:00:58]} g6 {[%emt 0:00:23]} 7. Bf4 {[%emt 0:00:05]} a6 {[%emt 0:01:08]} 8. a4 {[%emt 0:00:07]} Bg7 {[%emt 0:00:40]} 9. h3 {[%emt 0:00:18]} O-O {[%emt 0:00:16]} 10. e3 {[%emt 0:00:02]} Ne8 {[%emt 0:04:11]} 11. Be2 {[%emt 0:02:09]} Nd7 {[%emt 0:00:43]} 12. O-O {[%emt 0:00:50]} Ne5 {[%emt 0:04:35]} 13. Nd2 {[%emt 0:01:21]} b6 {[%emt 0:05:24]} 14. Bh2 {[%emt 0:07:10]} f5 {[%emt 0:03:06]} 15. Ra3 {[%emt 0:02:31]} Rb8 {[%emt 0:09:56]} 16. Rb3 {[%emt 0:15:14]} Nc7 {[%emt 0:16:05]} 17. f4 {[%emt 0:09:23]} Nd7 {[%emt 0:03:02]} 18. e4 {[%emt 0:02:59]} fxe4 {[%emt 0:12:07]} 19. Ndxe4 {[%emt 0:00:32]} Nf6 {[%emt 0:01:14]} 20. f5 {[%emt 0:13:54]} Nxe4 {[%emt 0:11:27]} 21. Nxe4 {[%emt 0:00:05]} Bxf5 {[%emt 0:02:18]} 22. Nxd6 {[%emt 0:00:59]} Bd7 {[%emt 0:02:11]} 23. Rxf8+ {[%emt 0:06:09]} Bxf8 {[%emt 0:01:30]} 24. Ne4 {[%emt 0:01:19]} Bg7 {[%emt 0:08:57]} 25. d6 {[%emt 0:28:57]} Ne6 {[%emt 0:01:03]} 26. Qd5 {[%emt 0:00:10]} Kh8 {[%emt 0:01:36]} 27. Be5 {[%emt 0:00:16]} Qg8 {[%emt 0:05:54]} 28. Nf6 {[%emt 0:01:16]} Bxf6 {[%emt 0:01:15]} 29. Bxf6+ {[%emt 0:00:02]} Ng7 {[%emt 0:00:01]} 30. Qxg8+ {[%emt 0:01:10]} Kxg8 {[%emt 0:01:01]} 31. Bxa6 {[%emt 0:01:51]} Nf5 {[%emt 0:01:12]} 32. Bc4+ {[%emt 0:00:44]} Kf8 {[%emt 0:00:11]} 33. Rd3 {[%emt 0:00:07]} Nd4 {[%emt 0:03:20]} 34. Bxd4 {[%emt 0:00:24]} cxd4 {[%emt 0:00:07]} 35. b3 {[%emt 0:00:35]} b5 {[%emt 0:00:31]} 36. axb5 {[%emt 0:00:12]} Bxb5 {[%emt 0:00:07]} 37. Rxd4 {[%emt 0:00:12]} Bxc4 {[%emt 0:00:40]} 38. bxc4 {[%emt 0:00:02]} Ke8 {[%emt 0:00:07]} 39. d7+ {[%emt 0:01:34]} Kd8 {[%emt 0:00:07]} 40. c5 {[%emt 0:00:07]} Kc7 {[%emt 0:00:30]} 41. c6 {[%emt 0:00:32]} Rd8 {[%emt 0:00:15]} 42. Rc4 {[%emt 0:00:07]} Rf8 {[%emt 0:00:23]} 43. Kh2 {[%emt 0:00:22]} h6 {[%emt 0:00:14]} 44. Re4 {[%emt 0:00:47]} 1-0